000 00383nam a2200145Ia 4500
008 231129s2007||||xx |||||||||||||| ||spa||
020 _a978-958-30-2534-1
040 _bspa
082 _a792.8 C353m
100 _aCastle Kate
245 0 _aEl mundo del ballet
260 _c2007
264 _aBogotá Colombia : Panamericana
942 _2ddc
_cBKS
999 _c11797
_d11797